000
00307nam a2200133Ia 4500
008
231129s1966||||xx |||||||||||||| ||spa||
040
_b
spa
082
_a
U813.5 C982
100
_a
Curwood James Oliver
245
0
_a
Novelas : Obras completas
260
_c
1966
264
_a
Juventud
942
_2
ddc
_c
BKS
999
_c
21808
_d
21808